高等学校がある島 - Statistics

General Stats
  • This quiz has been taken 33 times
    31 since last reset
  • The average score is 9 of 40
Answers on the Grid
Answers color-coded by a green-red scale on the quiz's grid according to % correct below.
礼文島
利尻島
奥尻島
粟島
佐渡島
能登島
伊豆大島
利島
新島
神津島
三宅島
御蔵島
八丈島
青ヶ島
父島
母島
島後
中ノ島
西ノ島
知夫里島
淡路島
小豆島
直島
向島
因島
生口島
弓削島
大三島
伯方島
伊予大島
大崎上島
倉橋島
江田島
厳島
周防大島
壱岐島
対馬
福江島
中通島
平戸島
天草上島
天草下島
姫島
上甑島
下甑島
桜島
種子島
屋久島
口永良部島
喜界島
奄美大島
徳之島
沖永良部島
与論島
伊平屋島
伊是名島
伊江島
古宇利島
座間見島
渡名喜島
粟国島
久米島
宮古島
伊良部島
多良間島
石垣島
西表島
波照間島
与那国島
 
Answer Stats
Answer % Correct
佐渡島
81%
伊豆大島
67%
利尻島
52%
礼文島
48%
奥尻島
38%
淡路島
38%
種子島
38%
八丈島
33%
天草上島
33%
天草下島
33%
奄美大島
33%
小豆島
29%
周防大島
29%
福江島
29%
宮古島
29%
石垣島
29%
三宅島
24%
江田島
24%
壱岐島
24%
屋久島
24%
対馬
19%
平戸島
19%
徳之島
19%
島後
14%
新島
10%
神津島
10%
因島
10%
伯方島
10%
大崎上島
10%
久米島
10%
生口島
5%
大三島
5%
中通島
5%
沖永良部島
5%
与論島
5%
中ノ島
0%
向島
0%
弓削島
0%
倉橋島
0%
喜界島
0%
No matching quizzes found
Score Distribution
Percent of People with Each Score
Percentile by Number Answered
Your Score History
You have not taken this quiz since the last reset